Alergia, astma a my časopis, ktorý prináša informácie, rady a poučenia pre alergikov, astmatikov a bronchitikov

Časopis určený členom združenia astmatikov SR - pacientom a ich rodinám s astmou, alergiou a inými alergickými a pľúcnymi ochoreniami, lekárom, sestrám a ostatným zdravotníckym pracovníkom

Bibliographic Details
Other Authors: Salát, Dušan, 1947-2016 (Publishing director)
Format: Journal
Language:Slovak
PhysicalDescription:zv. 30 cm
Published: Bratislava Združenie astmatikov Slovenskej republiky 2006-
ISSN:1337-6667
Subjects:

MARC

LEADER 00000cas a2200000 a 4500
001 vtls008995581
003 SK-MaSNL
005 20260228164140.0
008 070604c20069999xo fr|p 0 b0slo
022 |a 1337-6667 
040 |a SNK  |b slo  |c SNK  |d SVKBB  |d SAVUK  |e AACR2 
041 0 |a slo 
044 |a xo  |c SK 
072 7 |a 616  |x Patológia. Klinická medicína  |2 konspekt 
080 |a 050  |2 2001 
080 |a 616-02:616-092.19  |2 2001 
080 |a 616.248  |2 2001 
080 |a 616.233-002  |2 2001 
080 |a (051)-027.561  |2 2001 
210 0 |a Alerg., astma my 
222 0 |a Alergia, astma a my 
245 0 0 |a Alergia, astma a my  |b časopis, ktorý prináša informácie, rady a poučenia pre alergikov, astmatikov a bronchitikov 
260 |a Bratislava  |b Združenie astmatikov Slovenskej republiky  |c 2006- 
300 |a zv.  |c 30 cm 
310 |a 2x ročne 
362 0 |a Roč. I, č. 1 (2006)- 
500 |a Vedúci red.: 2006- , Dušan Salát 
500 |a Reg. č.: MK SR 3644/2006 
500 |a Evidenčné č. MK: 2277/08 
500 |a Podnázov od č. 2/2009: informácie, rady a poučenia pre alergikov, astmatikov a bronchitikov 
520 |a Časopis určený členom združenia astmatikov SR - pacientom a ich rodinám s astmou, alergiou a inými alergickými a pľúcnymi ochoreniami, lekárom, sestrám a ostatným zdravotníckym pracovníkom 
650 0 7 |a alergia  |2 SNKPH  |9 29852 
650 0 7 |a astma  |2 SNKPH  |9 2427 
650 0 7 |a bronchitída  |2 SNKPH  |9 15809 
655 7 |a odborné časopisy  |2 SNKPH  |9 70505 
700 1 |a Salát, Dušan,  |d 1947-2016  |4 pbd  |9 209695 
852 |a Štátna vedecká knižnica v Banskej Bystrici 
910 |a snk 
910 |a savuk 
916 |a 2006-2011 
999 |c 12428  |d 14358 
952 |0 0  |1 0  |4 0  |7 0  |8 0  |a SNK  |b SNK  |d 2014-10-13  |f 1  |i snk2014/21527  |l 0  |o snkČSB 5720/6/2011  |p 17A0870286  |r 2026-02-21 19:34:17  |t č. 1  |w 2026-02-21  |y PREZ 
952 |0 0  |1 0  |4 0  |7 0  |8 0  |a SNK  |b SNK  |d 2014-10-13  |i snk2014/21532  |l 0  |o snkČSB 5720/4/2009 D1  |p 17A0870287  |r 2026-02-21 19:34:17  |t č. 1-2  |w 2026-02-21  |y PREZ 
952 |0 0  |1 0  |4 0  |7 0  |8 0  |a SNK  |b SNK  |d 2014-10-13  |i snk2014/21538  |l 0  |o snkČSB 5720/5/2010 D1  |p 17A0870288  |r 2026-02-21 19:34:17  |t č. 1-2  |w 2026-02-21  |y PREZ 
952 |0 0  |1 0  |4 0  |7 0  |8 0  |a SNK  |b SNK  |d 2014-10-13  |i snk2014/21545  |l 0  |o snkČSB 5720/6/2011 D1  |p 17A0870289  |r 2026-02-21 19:34:17  |t č. 1  |w 2026-02-21  |y PREZ 
952 |0 0  |1 0  |4 0  |7 0  |8 0  |a SNK  |b SNK  |d 2011-02-21  |f 1  |i snk2011/3835  |l 0  |o snkČSB 5720/1/2006  |p 17A0679302  |r 2026-02-21 20:05:37  |t č. 1  |w 2026-02-21  |y PREZ 
952 |0 0  |1 0  |4 0  |7 0  |8 0  |a SNK  |b SNK  |d 2011-02-21  |f 1  |i snk2011/3836  |l 0  |o snkČSB 5720/2/2007  |p 17A0679303  |r 2026-02-21 20:05:37  |t č. 2-3  |w 2026-02-21  |y PREZ 
952 |0 0  |1 0  |4 0  |7 0  |8 0  |a SNK  |b SNK  |d 2011-02-21  |f 1  |i snk2011/3838  |l 0  |o snkČSB 5720/3/2008  |p 17A0679304  |r 2026-02-21 20:05:37  |t č. 1-2  |w 2026-02-21  |y PREZ 
952 |0 0  |1 0  |4 0  |7 0  |8 0  |a SNK  |b SNK  |d 2011-02-21  |f 1  |i snk2011/3841  |l 0  |o snkČSB 5720/4/2009  |p 17A0679305  |r 2026-02-21 20:05:37  |t č. 1-2  |w 2026-02-21  |y PREZ 
952 |0 0  |1 0  |4 0  |7 0  |8 0  |a SNK  |b SNK  |d 2011-02-21  |f 1  |i snk2011/3843  |l 0  |o snkČSB 5720/5/2010  |p 17A0679306  |r 2026-02-21 20:05:37  |t č. 1-2  |w 2026-02-21  |y PREZ 
952 |0 0  |1 0  |4 0  |7 0  |8 0  |a SNK  |b SNK  |d 2012-01-04  |i snk2012/235  |l 0  |o snkČSB 5720/1/2006 D1  |p 17A0706096  |r 2026-02-21 20:23:01  |t č. 1  |w 2026-02-21  |y PREZ 
952 |0 0  |1 0  |4 0  |7 0  |8 0  |a SNK  |b SNK  |d 2012-01-04  |i snk2012/241  |l 0  |o snkČSB 5720/2/2007 D1  |p 17A0706198  |r 2026-02-21 20:23:01  |t č. 2-3  |w 2026-02-21  |y PREZ 
952 |0 0  |1 0  |4 0  |7 0  |8 0  |a SNK  |b SNK  |d 2012-01-04  |i snk2012/242  |l 0  |o snkČSB 5720/3/2008 D1  |p 17A0706199  |r 2026-02-21 20:23:01  |t č. 1-2  |w 2026-02-21  |y PREZ